| Tag |
First Indicator |
Second Indicator |
Subfields |
| LEADER |
00000cam a22000004a 4500 |
| 001 |
in00002464113 |
| 005 |
20151110090853.0 |
| 008 |
080807s2008 enka b 001 0 eng |
| 010 |
|
|
|a 2008035147
|
| 020 |
|
|
|a 9781848211049
|
| 020 |
|
|
|a 184821104X
|
| 035 |
|
|
|a (OCoLC)ocn244177167
|
| 035 |
|
|
|a (OCoLC)244177167
|
| 040 |
|
|
|a DLC
|c DLC
|d BWKUK
|d BWK
|d YDXCP
|d UtOrBLW
|
| 049 |
|
|
|a TXAM
|
| 050 |
0 |
0 |
|a HC79.H53
|b C67 2008
|
| 082 |
0 |
0 |
|a 658.8
|2 22
|
| 100 |
1 |
|
|a Corsi, Patrick.
|
| 245 |
1 |
4 |
|a The marketing of technology intensive products and services :
|b driving innovations for non-marketers /
|c Patrick Corsi, Mike Dulieu.
|
| 264 |
|
1 |
|a London :
|b ISTE ;
|a Hoboken, NJ :
|b Wiley,
|c 2008.
|
| 300 |
|
|
|a xxv, 230 pages :
|b illustrations ;
|c 25 cm.
|
| 336 |
|
|
|a text
|b txt
|2 rdacontent
|
| 337 |
|
|
|a unmediated
|b n
|2 rdamedia
|
| 338 |
|
|
|a volume
|b nc
|2 rdacarrier
|
| 504 |
|
|
|a Includes bibliographical references (pages [225]-227) and index.
|
| 650 |
|
0 |
|a High technology industries
|x Marketing.
|
| 700 |
1 |
|
|a Dulieu, Mike.
|
| 856 |
4 |
2 |
|3 Publisher description
|u http://www.loc.gov/catdir/enhancements/fy0903/2008035147-d.html
|t 0
|
| 938 |
|
|
|a Blackwell Book Service UK
|b BBUK
|n L0802840
|c 45.00
|
| 938 |
|
|
|a YBP Library Services
|b YANK
|n 100511312
|
| 945 |
|
|
|a PromptCat
|b 669005
|
| 946 |
|
|
|a stk
|
| 947 |
|
|
|a A14839817504
|
| 994 |
|
|
|a 92
|b TXA
|
| 948 |
|
|
|a cataloged
|b h
|d 2009/4/13
|h c
|e asalazar
|f 11:33:29 am
|
| 999 |
|
|
|a MARS
|
| 999 |
f |
f |
|s 21df9618-8247-312a-832f-45dc29befd67
|i 03c74a29-3299-3512-8bd4-ef12a02f71cf
|t 0
|
| 952 |
f |
f |
|p ric
|a Texas A&M University
|b Rellis Campus
|c Joint Library Facility
|d Remote Storage
|t 0
|e HC79.H53 C67 2008
|h Library of Congress classification
|i unmediated -- volume
|m A14839817504
|
| 998 |
f |
f |
|a HC79.H53 C67 2008
|t 0
|l Remote Storage
|